000 00764nam a2200253Ia 4500
003 OSt
005 20220925210636.0
006 a|||||r|||| 00| 0
007 ta
008 220923b |||||||| |||| 00| 0 eng d
037 _cGeneral Book
040 _aRTL
_cRTL
_beng
041 _2eng
_aeng
082 _aU47, N0;N2
100 _aFellmann Jerome
_9272867
245 0 _aHuman geography
_b Landscapes of human activities
260 _aIowa
_bW C Browm
_c1992
300 _axi, 532p Bibliography chapterwise
_ccm.
650 _aHuman Geography
_91464
700 _a Getis Arthur
_9252146
700 _a Getis Judith
_9272868
942 _hU47, N0;N2
_cGB
_2CC
999 _c555696
_d555696